| 000 | 00424nam a2200181Ia 4500 | ||
|---|---|---|---|
| 005 | 20250603144941.0 | ||
| 008 | 250603s9999 xx 000 0 und d | ||
| 020 | _a9780367430764 | ||
| 050 | _aML 207 .F55/ | ||
| 100 | _aEdited by Lehman, Frank. | ||
| 245 | 0 | _aFilm music analysis | |
| 260 | _aNew York | ||
| 260 | _bRoutledge | ||
| 260 | _c2024 | ||
| 300 | _axiv, 286p.: ill. | ||
| 650 | _aNew York | ||
| 942 | _cBK | ||
| 999 |
_c40434 _d40434 |
||